| 000 | 00272nam a2200121 i 4500 | ||
|---|---|---|---|
| 001 | bg | ||
| 245 | 1 | 0 | _aMetody numeryczne i technika obliczeniowa. |
| 260 |
_aRzeszów, _c1971. |
||
| 040 | _cBPK | ||
| 041 | _apol | ||
| 942 | _cKS | ||
| 008 | s pl f |000 0 pol | ||
| 999 |
_c7392 _d7392 |
||
| 856 |
_uhttp://koha.tu.koszalin.pl/cgi-bin/koha/opac-detail.pl?biblionumber=7392 _yKatalog online BPK |
||